| 000 | 005470000a22002170004500 | ||
|---|---|---|---|
| 999 |
_c49041 _d49041 |
||
| 001 | 1888 | ||
| 003 | CO-MdFUSB | ||
| 005 | 20171120184355.0 | ||
| 008 | 171120b xxu||||| |||| 00| 0 eng d | ||
| 020 | _a958-30-0884-2 | ||
| 040 | _cCO-MdBIC | ||
| 082 | 0 | 4 | _a861P R147s |
| 100 | 1 | _aRamos Maria Cristina | |
| 110 | 1 | _aEditorial Panamericana. | |
| 245 | 1 | 0 | _aLas sombras del gato./ Maria Cristina Ramos |
| 250 | _a19 ed. | ||
| 260 | _aBogotá. | ||
| 300 | _a56 pag. | ||
| 500 | _aTexto infantil. PoesÃa infantil Argentina. | ||
| 942 | _cLGB | ||